Fundamentals of nursing : (Record no. 684)

MARC details
000 -LEADER
fixed length control field 00571cam a22001814a 4500
020 ## - INTERNATIONAL STANDARD BOOK NUMBER
ISBN 0130455296
050 00 - CALL NUMBER
Classification number RT41
Item number .K84
100 ## - AUTHOR
Personal name Kozier,Barbara
245 00 - TITLE
Title Fundamentals of nursing :
Remainder of title concepts, process, and practice /
Statement of responsibility, etc Barbara Kozier ... [et al.].
250 ## - EDITION
Edition statement 7th ed.
260 ## - PUBLICATION INFORMATION
Place of publication Upper Saddle River, N.J. :
Name of publisher Prentice Hall Health,
Year of publication c2004.
300 ## - DESCRIPTION
Number of Pages xxxiii, 1516 p. :
Other physical details ill. (chiefly col.) ;
Dimensions 28 cm. +
Accompanying material 1 CD-ROM (4 3/4 in.)
650 #0 - SUBJECTS
Topical Term Nursing.
650 12 - SUBJECTS
Topical Term Nursing Process.
650 22 - SUBJECTS
Topical Term Nursing Care.
700 1# - OTHER AUTHORS
Personal name Kozier, Barbara.
942 ## - ADDED ENTRY ELEMENTS (KOHA)
Koha item type Books
Holdings
Withdrawn status Lost status Home library Current library Shelving location Date acquired Full call number Accession Number Copy number Koha item type
    Methodist University Library Wenchi Nursing Methodist University Library Wenchi Nursing General Stacks 03/11/2017 RT41 .K84 2994 1 Books
    Methodist University Library Wenchi Nursing Methodist University Library Wenchi Nursing General Stacks 03/11/2017 RT41 .K84 3008 2 Books
    Methodist University Library Wenchi Nursing Methodist University Library Wenchi Nursing General Stacks 03/11/2017 RT41 .K84 1398 3 Books
Copyright © 2026  MUG Library